Quizzes
Events
Quiz Creation
Community
Videos
Private Events
Remove Ads
Sign In
Join for FREE
Feedback
Dark Mode
Quiz Categories
Sports
Geography
Music
Movies
Television
Just For Fun
Miscellaneous
History
Literature
Language
Science
Gaming
Entertainment
Religion
Holiday
For Kids
Quiz Lab
Recent
Popular Today
Quiz Kudos Today
Editor Picks
Curator Picks
Quizzes by...
Day
Popularity
Type
Ratings
Length
Year
Community
Subscriptions
Recent Discussions
Orange Saloon
Badges
Playlists
Quests
Create
Leaderboards
Showdown
Live 5
Trivia Bingo
Activity
Puzzle Library
Sporcle Events
Private Events
Virtual Trivia
Globe League
Become a Host
Pub Owners
SporcleCon
Opinionation
Our Games
Videos
Blog
Mobile Apps
Partnerships
Remove Ads and Go Orange
Feedback
Sports
Athletes
MLB
NBA
NHL
NFL
Soccer
Sports Teams
WWE
NCAA
Football
Premier League
Basketball
Baseball
Hockey
Golf
Tennis
Cricket
Rugby
Auto Racing
Olympics
World Cup
Sports
Athletes
MLB
NBA
NHL
NFL
Soccer
Sports Teams
WWE
NCAA
Football
Premier League
Basketball
Baseball
Hockey
Golf
Tennis
Cricket
Rugby
Auto Racing
Olympics
World Cup
Random Quiz
Search Sporcle
×
Quiz Lab
Quiz Lab
Sports
NHL
Type in answers that appear in a list
Type in answers that appear in a list
Classic
Best Score? Go Orange.
NHL Hart Trophy Top 5 Since 1979-80 Stats
Can you name the NHL Hart Trophy Top 5 in Voting Since 1979-80?
By
bjleonards
12m
210 Questions
5,514 Plays
5,514 Plays
5,514 Plays
Comments
Comments
Give Quiz Kudos
Give Quiz Kudos
-
- Ratings
hide this ad
More Info
Replay
Link that replays current quiz
Next Quiz
Link to next quiz in quiz playlist
You Got
0%
They Got
Avg Score
69%
Avg Friend Score
Upgrade to see
Score Distribution
Jump to the score distribution portion of the page
Score
0/210
Timer
12:00
0
Plays Today
Year
Player
% Correct
2020
Connor McDavid
99.3%
2021
Sidney Crosby
99.3%
2021
Connor McDavid (Hart)
99.3%
2022
Connor McDavid
99.3%
2021
Auston Matthews
99%
2022
Auston Matthews (Hart)
99%
2015
Sidney Crosby
98.8%
2016
Sidney Crosby
98.7%
2017
Sidney Crosby
98.7%
2019
Sidney Crosby
98.4%
2014
Sidney Crosby (Hart)
98.3%
2010
Sidney Crosby
98.3%
2007
Sidney Crosby (Hart)
98.3%
2015
Alex Ovechkin
98.2%
2013
Sidney Crosby
98%
2019
Connor McDavid
98%
2010
Alex Ovechkin
97.9%
2009
Alex Ovechkin (Hart)
97.9%
2008
Alex Ovechkin (Hart)
97.9%
2017
Connor McDavid (Hart)
97.7%
2018
Connor McDavid
97.7%
2016
Patrick Kane (Hart)
97.6%
2013
Alex Ovechkin (Hart)
97.4%
1998
Wayne Gretzky
96.8%
1991
Wayne Gretzky
96.8%
1990
Wayne Gretzky
96.8%
1989
Wayne Gretzky (Hart)
96.8%
1988
Wayne Gretzky
96.8%
1987
Wayne Gretzky (Hart)
96.8%
1986
Wayne Gretzky (Hart)
96.8%
1985
Wayne Gretzky (Hart)
96.8%
1984
Wayne Gretzky (Hart)
96.8%
1983
Wayne Gretzky (Hart)
96.8%
1982
Wayne Gretzky (Hart)
96.8%
1981
Wayne Gretzky (Hart)
96.8%
1980
Wayne Gretzky (Hart)
96.8%
2001
Mario Lemieux
96.4%
1997
Mario Lemieux
96.4%
2020
Nathan MacKinnon
96.4%
2021
Nathan MacKinnon
96.4%
1996
Mario Lemieux (Hart)
96.3%
1993
Mario Lemieux (Hart)
96.3%
1989
Mario Lemieux
96.3%
1988
Mario Lemieux (Hart)
96.3%
1987
Mario Lemieux
96.3%
1986
Mario Lemieux
96.3%
2016
Joe Thornton
96.3%
2012
Evgeni Malkin (Hart)
96.2%
2009
Evgeni Malkin
96%
2008
Evgeni Malkin
96%
2006
Jaromir Jagr
95.8%
2001
Jaromir Jagr
95.8%
2000
Jaromir Jagr
95.8%
1999
Jaromir Jagr (Hart)
95.8%
1998
Jaromir Jagr
95.8%
1996
Jaromir Jagr
95.8%
1995
Jaromir Jagr
95.8%
2010
Henrik Sedin (Hart)
95.8%
2004
Martin St.Louis (Hart)
95.5%
2007
Joe Thornton
95.1%
2006
Joe Thornton (Hart)
95.1%
2003
Joe Thornton
95.1%
2015
Carey Price (Hart)
94.7%
2021
Brad Marchand
94.6%
2019
Nikita Kuchevor (Hart)
94.4%
2020
Leon Draisaitl (Hart)
94.2%
2018
Taylor Hall (Hart)
94.1%
1996
Mark Messier
94%
1992
Mark Messier (Hart)
94%
1990
Mark Messier (Hart)
94%
Year
Player
% Correct
2001
Joe Sakic (Hart)
93.9%
2008
Martin Brodeur
93.9%
2007
Martin Brodeur
93.9%
2004
Martin Brodeur
93.9%
2003
Martin Brodeur
93.9%
2001
Martin Brodeur
93.9%
1998
Martin Brodeur
93.9%
1997
Martin Brodeur
93.9%
2019
Brad Marchand
93.6%
2018
Nathan MacKinnon
93.5%
2015
John Tavares
93%
2012
Steven Stamkos
92.8%
2008
Jarome Iginla
92.6%
2004
Jarome Iginla
92.6%
2002
Jarome Iginla
92.6%
2013
Jonathan Toews
92.4%
1999
Dominik Hasek
92.2%
1998
Dominik Hasek (Hart)
92.2%
1997
Dominik Hasek (Hart)
92.2%
1995
Dominik Hasek
92.2%
1994
Dominik Hasek
92.2%
2018
Anze Kopitar
92.1%
2002
Patrick Roy
92%
1994
Patrick Roy
92%
1992
Patrick Roy
92%
1989
Patrick Roy
92%
2018
Claude Giroux
91.9%
2016
Jamie Benn
91.9%
2003
Peter Forsberg (Hart)
91.5%
2013
John Tavares
91.2%
2014
Ryan Getzlaf
91%
1992
Brett Hull
90.7%
1991
Brett Hull (Hart)
90.7%
1990
Brett Hull
90.7%
1989
Steve Yzerman
90.3%
1988
Steve Yzerman
90.3%
2011
Daniel Sedin
90%
2014
Claude Giroux
89.9%
2017
Erik Karlsson
89.7%
2011
Martin St.Louis
89.6%
1999
Teemu Selanne
89.3%
1998
Teemu Selanne
89.3%
1997
Teemu Selanne
89.3%
2008
Nicklas Lidstrom
89.1%
1996
Eric Lindros
88.7%
1995
Eric Lindros (Hart)
88.7%
2012
Claude Giroux
88.7%
2009
Pavel Datsyuk
88.1%
2022
Johnny Gaudreau
88.1%
2020
Artemi Panarin
87.8%
2007
Vincent Lecavalier
87.6%
2000
Pavel Bure
87.2%
2011
Corey Perry (Hart)
86.9%
2006
Daniel Alfredsson
86.4%
2012
Henrik Lundqvist
86.3%
1982
Mike Bossy
86.3%
1981
Mike Bossy
86.3%
2017
Brent Burns
86.3%
2000
Chris Pronger (Hart)
86.2%
2020
David Pastrnak
85.9%
2012
Jonathan Quick
85.9%
2014
Patrice Bergeron
85.7%
2017
Sergei Bobrovsky
85.6%
2003
Markus Naslund
85.6%
2002
Markus Naslund
85.6%
2004
Markus Naslund
85.6%
1996
Sergei Fedorov
85.4%
1994
Sergei Fedorov (Hart)
85.4%
2010
Ryan Miller
84.2%
1997
Paul Kariya
84.2%
Year
Player
% Correct
2019
Johnny Gaudreau
84.2%
2016
Braden Holtby
83.9%
2002
Jose Theodore (Hart)
83.8%
1991
Ray Bourque
83.6%
1990
Ray Bourque
83.6%
1987
Ray Bourque
83.6%
1985
Ray Bourque
83.6%
1984
Ray Bourque
83.6%
2006
Eric Staal
83.5%
2007
Roberto Luongo
83.4%
1984
Bryan Trottier
82.4%
1982
Bryan Trottier
82.4%
1981
Bryan Trottier
82.4%
2011
Tim Thomas
82%
2013
Sergei Bobrovsky
81.4%
2022
Jonathan Huberdeau
80.3%
1995
Paul Coffey
79.5%
1986
Paul Coffey
79.5%
1981
Marcel Dionne
79.3%
1980
Marcel Dionne
79.3%
1993
Pat Lafontaine
77.9%
1990
Pat Lafontaine
77.9%
2006
Miikka Kirprusoff
77.8%
2004
Miikka Kirprusoff
77.8%
1994
Doug Gilmour
77.4%
1993
Doug Gilmour
77.4%
1987
Doug Gilmour
77.4%
2009
Zach Parise
76.1%
1992
Jeremy Roenick
76%
2022
Igor Shesterkin
75.4%
2011
Pekka Rinne
75.2%
1988
Grant Fuhr
74.7%
1985
Dale Hawerchuk
73.3%
1982
Dale Hawerchuk
73.3%
2003
Todd Bertuzzi
72.3%
1993
Adam Oates
70.6%
1980
Guy Lafleur
70.2%
1982
Peter Stastny
70%
1988
Denis Savard
69.6%
1983
Denis Savard
69.6%
2000
Olaf Kolzig
69.5%
1991
Ed Belfour
69.4%
1999
Alexei Yashin
69.2%
2015
Devan Dubnyk
67.6%
2009
Steve Mason
67.4%
1995
Theoren Fleury
64.9%
2014
Semyon Varlamov
64.5%
1989
Chris Chelios
63.6%
2010
Ilya Bryzgalov
62.6%
1994
John Vanbiesbrouck
62.5%
1986
John Vanbiesbrouck
62.5%
1999
Curtis Joseph
61.9%
1993
Pierre Turgeon
61.6%
2000
Owen Nolan
60.8%
1980
Tony Esposito
56%
1986
Mark Howe
52.5%
1983
Mark Howe
52.5%
1992
Kirk McLean
48.9%
1991
Steve Larmer
47%
1985
Rod Langway
46.4%
1983
Rod Langway
46.4%
1984
Rod Langway
46.4%
1987
Mike Liut
44.2%
1981
Mike Liut
44.2%
1985
Pelle Lindbergh
41.4%
1984
Rick Middleton
39.4%
2002
Sean Burke
39.2%
2001
Roman Cechmanek
38.9%
1983
Pete Peeters
36%
1980
Danny Gare
29.2%
Quiz Playlist
Details
Report
Send in Message
Add To Playlist
More Info:
Answer the top 5 in NHL's MVP Hart Trophy voting by year.
Classic:
Type in answers that appear in a list
Quiz Source
Last Updated: Sep 5, 2022
Quiz Scoreboard
CHALLENGE
Sign Up to Join the Scoreboard
Show All
Scores
Hide
Comments
May contain spoilers
Recently Published
Billboard Blitz: Fleetwood Mac
by CooCooCachoo
Music
15s
Presidents Visiting Landmarks
by Hejman
History
7m
An Introduction to Baseball
by treessimontrees
Sports
5m
More to Explore
Quiz From the Vault
Featured Blog Post
Where Did the Easter Bunny Come From?
hide this ad
You Might Also Like...
Tags
NHL Quiz
1970s
hart
Player
team
Top 5
Trophy
Voting
Today's Top Quizzes in Sports
Browse Sports
hide this ad
Today's Top Quizzes in NHL
Browse NHL
Top Contributed Quizzes in Sports
1
Les meilleurs buteurs des matchs entre le PSG et l’OM
2
2022 World Cup Stars
3
FIFA Club World Cup Champions
4
Les entraîneurs de l'OM et du PSG au 21e siècle
5
Criteria MLB: Left Handed Sluggers
6
AFC Teams Reveal (Wrong Answers Minefield)
7
5-to-1: UK Sports Teams
8
Name the Premier League winners with different clubs
9
5-to-1: FBS Animal Nicknames
10
Players with Multiple 50 Home Run Seasons
Explore More
Trending Topics
Marvel
NBA
Crossword
Harry Potter
Kpop
Disney
Anime
Country
WWE
Song
The Office
Pokémon
Puzzle
Soccer
NFL
hide this ad
More By:
bjleonards
Quiz
Plays
Rating
Category
Featured
Created
NHL Hart Trophy Top 5 Since 1979-80
5,514
4.63
Sports
Dec 27, 2010
NHL Top 5 Defence Scoring 1969-2018
3,765
4.59
Sports
Jun 2, 2012
Top 40 NHL Salary Cap Hits 2012-13
3,180
4.61
Sports
Jul 5, 2012
NHL Top 10 Most Year-End All Star Teams
2,737
4.57
Sports
Dec 28, 2010
Most NHL Stanley Cups as Captain
758
4.50
Sports
Jan 25, 2011
Go to Creator's Profile
Score Distribution
Quiz Creator Spotlight
bjleonards
Follow
Send a Message
Quizzes Created
-
Created Quiz Play Count
-
More By This Creator
Popular Quizzes Today
1
Find the US States - No Outlines Minefield
2
Find the Countries of Europe - No Outlines Minefield
3
The Countries of the World
4
Find the US States
5
Risky Map Clicking: Biggest States A-Z
6
US States
7
Popular People in 1961
8
Movies - When Are They Set?
More Sports Quizzes
2019/2020 NCAA Bowl Game Results
Quiz Lab
Trending Quizzes
Risky Map Clicking: Least Populous States A-Z
1-10 Letter G Words
1-10 Letter F Words
Risky Map Clicking: Next State Alphabetically
Risky Map Clicking: Biggest States A-Z
Recently Updated
Leaping Animals
pecheneg
Reality TV Shows (A-Z)
bhenderson79
Rickey Henderson's Hall of Fame Teammates
pecheneg
Champions League XIs: Arsenal
pecheneg
Quick Pick: Celebrities in WWE's Hall of Fame
aduchscher
A-Z Keypad Blitz II
pecheneg
Multiple Oscar Actors
pecheneg
Mystery Phrase Blitz: Oscar 'Best Actors'
pecheneg
F. Scott Fitzgerald Novels
LTH
Pick 3 Villains
ddd62291
Trending Topics
Harry Potter
NBA
Anime
Kpop
Crossword
Disney
Marvel
Song
Pokémon
NFL
Country
The Office
Soccer
Puzzle
WWE
Your Account Isn't Verified!
In order to create a playlist on Sporcle, you need to verify the email address you used during registration. Go to your
Sporcle Settings
to finish the process.
Report this User
Report this user for behavior that violates our
Community Guidelines
.
Details:
Send Report
Go to the Sporcle.com Mobile Site →
Comments